Southville International School and Colleges
Your cart is empty.
  • Cart
  • Lists
    Public lists Eva Luna New books Lux_list list_1
    Your lists Log in to create your own lists
  • Log in to your account
  • Your cookies
  • Search history
Southville International School and Colleges
  • Advanced search
  • Recent comments
  • Most popular
  • Libraries

Log in to your account

Log in with GOOGLE


If you do not have an external account, but do have a local account, you can still log in:

  1. Home
  2. MARC view: How to design and evaluate research education/
Normal view MARC view ISBD view

How to design and evaluate research education/ (Record no. 283257)

[ view plain ]
MARC details
000 -LEADER
fixed length control field 00459nam a2200145Ia 4500
008 - FIXED-LENGTH DATA ELEMENTS--GENERAL INFORMATION
fixed length control field 150223s9999 xx 000 0 und d
020 ## - INTERNATIONAL STANDARD BOOK NUMBER
International Standard Book Number 9780071088671
050 ## - LIBRARY OF CONGRESS CALL NUMBER
Classification number LB 1028
Item number .F799 2008
100 ## - MAIN ENTRY--PERSONAL NAME
Personal name Fraenkel, Jack R.
245 ## - TITLE STATEMENT
Title How to design and evaluate research education/
Statement of responsibility, etc Jack R. Fraenkel.
250 ## - EDITION STATEMENT
Edition statement Seventh
260 ## - PUBLICATION, DISTRIBUTION, ETC. (IMPRINT)
Place of publication, distribution, etc New York :
Name of publisher, distributor, etc McGraw-Hill ,
Date of publication, distribution, etc 2008
300 ## - PHYSICAL DESCRIPTION
Extent 642 pages :
Other physical details Illustration ;
Dimensions 25 cm.
504 ## - BIBLIOGRAPHY, ETC. NOTE
Bibliography, etc Includes appendix, Index.

No items available.

How to design and evaluate research education/

APA

Fraenkel J. R., . (2008). How to design and evaluate research education. New York: McGraw-Hill.

Chicago

Fraenkel Jack R, . 2008. How to design and evaluate research education. New York: McGraw-Hill.

Harvard

Fraenkel J. R., . (2008). How to design and evaluate research education. New York: McGraw-Hill.

MLA

Fraenkel Jack R, . How to design and evaluate research education. New York: McGraw-Hill. 2008.

  • Print
  • Cite
  • Add to your cart (remove)
  • Save record
    BIBTEX Dublin Core MARCXML MARC (non-Unicode/MARC-8) MARC (Unicode/UTF-8) MARC (Unicode/UTF-8, Standard) MODS (XML) RIS
  • More searches
    Search for this title in:
    Other Libraries (WorldCat) Other Databases (Google Scholar) Online Stores (Bookfinder.com) Open Library (openlibrary.org)

Exporting to Dublin Core...

SOUTHVILLE LIBRARY

Southville International School and Colleges Library

1281 Tropical Ave. Cor. Luxembourg St., BF Homes International, Las Pinas City

Tel. No. 8256374 / 252358 Loc. 117/146

Powered by Koha